000 01034nam a2200349 c 4500
001 52842
003 ES-MaCES
005 20251126143020.0
008 230825s2023 sp f 000 | spa d
017 _aNA 630-2023
_bDL
020 _a9788411259422
040 _aES-MaCES
_bspa
_cES-MaCES
100 1 _911750
_aFernández, Tomás-Ramón
245 1 0 _aManual de Derecho urbanístico
_cTomás-Ramón Fernández
250 _a27ª ed
260 _aCizur Menor (Navarra)
_bCivitas-Thomson Reuters
_c2023
300 _a248 p.
_c21 cm
490 1 _aTratados y manuales
504 _aBibliografía: p. 247-248
541 _cCompra
650 4 _aurbanización
_928625
650 4 _avivienda
_928598
650 4 _asuelo
_928798
650 4 _aplanificación urbana
_928620
650 4 _aderecho administrativo
_927155
650 4 _aEspaña
_926964
650 4 _amanual
_929264
653 1 0 _aDerecho administrativo
830 0 _aTratados y manuales (Civitas)
_932141
902 _aLIB Libro
942 _2CES
_cBK
_h6.0.2.
999 _c52842
_d52842